Statistics for Countries Closest to Togo - 30 Second Sprint

Click here to take the quiz!

General Stats

  • This quiz has been taken 25 times
  • The average score is 11 of 20

Answer Stats

kmcountrymiles% Correct
191Niger119
100%
101Nigeria63
95%
0Benin0
86%
0Ghana0
86%
763Cameroon474
82%
393Mali244
77%
0Burkina Faso0
68%
319Côte d'Ivoire198
68%
875Guinea543
64%
1231Senegal765
64%
886Liberia551
55%
757Mauritania470
50%
1044Gabon649
45%
925Algeria575
36%
1160Sierra Leone721
36%
1359Chad844
27%
801Equatorial Guinea498
27%
1395Central African Republic867
18%
803São Tomé and Príncipe499
18%
1355Congo842
14%

Score Distribution

Percentile by Number Answered

Percent of People with Each Score

Your Score History

You have not taken this quiz